Desarrollo de un plan de expansión mediante la diversificación de servicios en tramitología /

Bewaard in:
Bibliografische gegevens
Hoofdauteur: Cota Burciaga, Francisco Miguel (autor)
Formaat: Thesis Boek
Taal:Spaans
Onderwerpen:
Tags: Voeg label toe
Geen labels, Wees de eerste die dit record labelt!

MARC

LEADER 00000nam^a2200000^a^4500
001 000321558
005 20250521000000.0
009 20260310113546.04
037 |a Acervo ITESO - Biblioteca 
041 |a ESP 
090 |a MKT. 80 
100 |a Cota Burciaga, Francisco Miguel  |e (autor) 
245 1 0 |a Desarrollo de un plan de expansión mediante la diversificación de servicios en tramitología /  |c F.M. Cota Burciaga. 
264 |a Guadalajara, México :  |b edición de autor,  |c 2012 
300 |a 1 disco compacto de computadora 
336 |a datos para computadora  |b cod  |2 rdacontenido 
337 |a computadora  |b c  |2 rdamedio 
338 |a disco de computadora  |b cd  |2 rdasoporte 
502 |a ITESO Tesis de Maestría en Mercadotecnia Global 
649 |a XX 
650 |a Agencias Aduanales 
650 |a Contratos de Transporte 
650 |a Prestación del Servicio -  |x Tema Principal 
650 |a Mercadotecnia de Servicios -  |x Tema Principal 
650 |a Ciencias Administrativas 
910 |a Fondo General 
920 |a Electrónicos - Tesis del ITESO en Disco 
905 |a 202 
901 |a 0500208693  |b IT2  |c STS  |i D58082  |u 20250521 
902 |a https://opac.biblio.iteso.mx/vufind/Record/000321558